<?xml version="1.0" encoding="UTF-8"?><?xml-stylesheet type="text/xsl" href="static/style.xsl"?><OAI-PMH xmlns="http://www.openarchives.org/OAI/2.0/" xmlns:xsi="http://www.w3.org/2001/XMLSchema-instance" xsi:schemaLocation="http://www.openarchives.org/OAI/2.0/ http://www.openarchives.org/OAI/2.0/OAI-PMH.xsd"><responseDate>2026-04-14T06:15:08Z</responseDate><request verb="GetRecord" identifier="oai:www.recercat.cat:20.500.14342/1010" metadataPrefix="marc">https://recercat.cat/oai/request</request><GetRecord><record><header><identifier>oai:recercat.cat:20.500.14342/1010</identifier><datestamp>2025-05-23T06:08:23Z</datestamp><setSpec>com_2072_482405</setSpec><setSpec>com_2072_183628</setSpec><setSpec>col_2072_482414</setSpec></header><metadata><record xmlns="http://www.loc.gov/MARC21/slim" xmlns:dcterms="http://purl.org/dc/terms/" xmlns:xsi="http://www.w3.org/2001/XMLSchema-instance" xmlns:doc="http://www.lyncode.com/xoai" xsi:schemaLocation="http://www.loc.gov/MARC21/slim http://www.loc.gov/standards/marcxml/schema/MARC21slim.xsd">
   <leader>00925njm 22002777a 4500</leader>
   <datafield ind2=" " ind1=" " tag="042">
      <subfield code="a">dc</subfield>
   </datafield>
   <datafield ind2=" " ind1=" " tag="720">
      <subfield code="a">Pujadas Hostench, Jordi</subfield>
      <subfield code="e">author</subfield>
   </datafield>
   <datafield ind2=" " ind1=" " tag="720">
      <subfield code="a">Palau-Saumell, Ramon</subfield>
      <subfield code="e">author</subfield>
   </datafield>
   <datafield ind2=" " ind1=" " tag="720">
      <subfield code="a">Forgas Coll, Santiago</subfield>
      <subfield code="e">author</subfield>
   </datafield>
   <datafield ind2=" " ind1=" " tag="720">
      <subfield code="a">Sánchez García, Javier</subfield>
      <subfield code="e">author</subfield>
   </datafield>
   <datafield ind2=" " ind1=" " tag="260">
      <subfield code="c">2019-09</subfield>
   </datafield>
   <datafield ind2=" " ind1=" " tag="520">
      <subfield code="a">Purpose&#xd;
The purpose of this paper is to investigate the intention to purchase products through clothing brands’ social network sites (SNS) based on the theory of planned behavior and uses and gratifications theory (U&amp;G), and the moderating effects of self-image congruity (SIC).&#xd;
&#xd;
Design/methodology/approach&#xd;
Data were collected from 1,003 followers of their favorite clothing brands’ SNS. Data analysis was performed using structural equation modeling (SEM) and multi-group SEM analysis. The models were estimated from the matrices of variances and covariances by the maximum likelihood procedure using EQS 6.1.&#xd;
&#xd;
Findings&#xd;
The results highlight the positive impact of U&amp;G on attitude, SNS intentions and SNS use, and U&amp;G, SNS intentions and SNS use were seen to be the main antecedents predicting purchase intentions. Furthermore, SIC was found to have moderating effects between SNS attitude and SNS intentions and between SNS intentions and SNS use.&#xd;
&#xd;
Practical implications&#xd;
This research can help clothing brands understand the need to generate brand beliefs, and to develop contents or events to help accomplish the transition from use to purchase.&#xd;
&#xd;
Originality/value&#xd;
This research contributes to the literature by providing a better understanding of intention to use and purchase intention through clothing brands’ SNS pages.</subfield>
   </datafield>
   <datafield ind1="8" ind2=" " tag="024">
      <subfield code="a">http://hdl.handle.net/20.500.14342/1010</subfield>
   </datafield>
   <datafield ind1="8" ind2=" " tag="024">
      <subfield code="a">https://doi.org/10.1108/OIR-02-2017-0042</subfield>
   </datafield>
   <datafield tag="653" ind2=" " ind1=" ">
      <subfield code="a">Xarxes socials</subfield>
   </datafield>
   <datafield tag="653" ind2=" " ind1=" ">
      <subfield code="a">Consumidors--Conducta</subfield>
   </datafield>
   <datafield tag="653" ind2=" " ind1=" ">
      <subfield code="a">Consumidors--Actituds</subfield>
   </datafield>
   <datafield tag="653" ind2=" " ind1=" ">
      <subfield code="a">Comportament informacional</subfield>
   </datafield>
   <datafield tag="653" ind2=" " ind1=" ">
      <subfield code="a">Theory of planned behaviour</subfield>
   </datafield>
   <datafield tag="653" ind2=" " ind1=" ">
      <subfield code="a">Purchase intentions</subfield>
   </datafield>
   <datafield tag="653" ind2=" " ind1=" ">
      <subfield code="a">Self-image congruity</subfield>
   </datafield>
   <datafield tag="653" ind2=" " ind1=" ">
      <subfield code="a">Uses and gratifications</subfield>
   </datafield>
   <datafield ind2="0" ind1="0" tag="245">
      <subfield code="a">Clothing brand purchase intention through SNS</subfield>
   </datafield>
</record></metadata></record></GetRecord></OAI-PMH>